| 000 | 00535nam a2200193 4500 | ||
|---|---|---|---|
| 001 | 109427 | ||
| 003 | ES-MaACL | ||
| 005 | 20231226200704.0 | ||
| 007 | t| | ||
| 008 | 061121s1964 sp r ||||1| spa d | ||
| 100 | 1 |
_aOlmo, Lauro, _d1922-1994 _986974 |
|
| 245 | 1 | 3 |
_aEl gran sapo / _cLauro Olmo. |
| 250 | _a1ยช ed. | ||
| 260 |
_aBarcelona : _bGarbo, _c1964. |
||
| 300 |
_a211 p. ; _c20 cm. |
||
| 500 | _aPremio de Novela Elisenda de Montcada, 1963. | ||
| 852 |
_aES-MaACL _jC-25438 _bR.54090 |
||
| 999 |
_c109427 _d109427 |
||